| 000 | 00923nam a2200217Ia 4500 | ||
|---|---|---|---|
| 999 |
_c36784 _d36784 |
||
| 001 | 2723 | ||
| 003 | GE_BSU | ||
| 005 | 20190604163026.0 | ||
| 008 | 181216s2005||||ge |||||||||||||| ||geo|| | ||
| 040 | _cGE_BSU | ||
| 041 | _ageo | ||
| 080 | _a821.353.1–1 ხ–19 | ||
| 100 |
_aხალვაში, ფრიდონ _92057 |
||
| 245 |
_aაქედან იქამდე : _bლექსები / _cფრიდონ ხალვაში; რედ.: ლალი კონცელიძე, გურამ გუჯაბიძე; მხატვრ. რედ. |
||
| 264 |
_aბათუმი : _bაჭარა, _c2005. |
||
| 300 |
_a708 გვ.; _b21 სმ. |
||
| 653 | _aლექსები | ||
| 700 |
_aკონცელიძე, ლალი _eრედაქტორი _92058 |
||
| 700 |
_aგუჯაბიძე, გურამ _eრედაქტორი _92059 |
||
| 942 |
_cBK _2udc |
||